000 00353 a2200169 4500
001 191663
020 _a978-85-16-09977-0
040 _cMagnum
100 _aMacedo, Joaquim Manuel de
240 1 0 _aA moreninha
_lpor
245 1 0 _aA moreninha
300 _a184
362 0 _a2015
440 1 _aModerna
697 _aLITERATURA GERAL
942 _cBK
999 _c191663
_d191663